Шумы и параметрические явления в электронных приборах сверхвысоких частот

Bibliographische Detailangaben
Weitere Verfasser: Лопухин В. М. Владимир Михайлович, Магалинский В. Б., Мартынов А. С., Рошаль А. С.
Sprache:Russisch
Veröffentlicht: Москва, Наука, 1966
Schlagworte:
Format: MixedMaterials Buch
KOHA link:https://koha.lib.tpu.ru/cgi-bin/koha/opac-detail.pl?biblionumber=233427

MARC

LEADER 00000nam0a2200000 4500
001 233427
005 20231101231240.0
035 |a (RuTPU)RU\TPU\book\254505 
090 |a 233427 
100 |a 20130304d1966 k y0rusy50 ca 
101 0 |a rus 
102 |a RU 
105 |a a z 001zy 
200 1 |a Шумы и параметрические явления в электронных приборах сверхвысоких частот  |f В. М. Лопухин [и др.] 
210 |a Москва  |c Наука  |d 1966 
215 |a 372 с.  |c ил. 
320 |a Библиогр.: с. 361-371. 
606 |a Электронные лампы  |2 stltpush  |3 (RuTPU)RU\TPU\subj\20429  |9 45532 
610 1 |a электронные приборы 
610 1 |a шумы 
610 1 |a параметрические явления 
610 1 |a приборы СВЧ 
610 1 |a электронные потоки 
675 |a 621.385.11  |v 3 
701 1 |a Лопухин  |b В. М.  |g Владимир Михайлович 
701 1 |a Магалинский  |b В. Б. 
701 1 |a Мартынов  |b А. С. 
701 1 |a Рошаль  |b А. С. 
801 1 |a RU  |b 63413507  |c 20130304 
801 2 |a RU  |b 63413507  |c 20191124  |g RCR 
942 |c BK